=LDR 00000nam 2200000 4500 =001 INLIS000000000054403 =005 20200123125614 =035 ##$$a 0010-0120000181 =007 ta =008 200123###########################0#ind## =020 ##$$a 978-623-7107-44-6 =082 ##$$a 899.221 3 =084 ##$$a 899.221 3 SAM p =100 #$$a Samiroh =245 1#$$a Pelarian cinta /$c Samiroh =250 ##$$a Cet 1 =260 ##$$a Yogyakarta :$b Spektram nusantara,$c 2019 =300 ##$$a vi, 134 hlm. ; $c 19 Cm. =600 #4$$a Fiksi indonesia =990 ##$$a 07300730 =990 ##$$a 07300730 =990 ##$$a 07300730 =990 ##$$a 07300730 =990 ##$$a 61901198 =990 ##$$a 6202000730 =990 ##$$a 6202000731 =990 ##$$a 6202000732 =990 ##$$a 61901199 =990 ##$$a 6202000730 =990 ##$$a 6202000731 =990 ##$$a 61901198 =990 ##$$a 61901200 =990 ##$$a 6202000730 =990 ##$$a 61901199 =990 ##$$a 61901198 =990 ##$$a 61901201 =990 ##$$a 61901200 =990 ##$$a 61901199 =990 ##$$a 61901198 =990 ##$$a 61901198 =990 ##$$a 61901201 =990 ##$$a 61901200 =990 ##$$a 61901199 =990 ##$$a 61901199 =990 ##$$a 61901201 =990 ##$$a 61901200 =990 ##$$a 61901198 =990 ##$$a 61901200 =990 ##$$a 61901201 =990 ##$$a 61901199 =990 ##$$a 61901198 =990 ##$$a 61901201 =990 ##$$a 61901200 =990 ##$$a 61901199 =990 ##$$a 61901198